LEADER 01762nam 2200445 n 450 001 996385448403316 005 20221108061436.0 035 $a(CKB)1000000000608576 035 $a(EEBO)2264212086 035 $a(UnM)99835806 035 $a(EXLCZ)991000000000608576 100 $a19860121d1640 uy | 101 0 $aeng 135 $aurbn||||a|bb| 200 14$aThe epistle congratulatorie of Lysimachus Nicanor of the Societie of Jesu, to the Covenanters in Scotland$b[electronic resource] $eVVherin is paralleled our sweet harmony and correspondency in divers materiall points of doctrine and practice 210 $a[London $cPrinted by Robert Young and Richard Badger]$dAnno Domini M.DC.XL. [1640] 215 $a[2], 78 p 300 $aLysimachus Nicanor is a pseudonym of John Corbet. 300 $aTitle page in red and black. 300 $aPrinters' names from STC. 300 $aSignatures: A-K⁓. 300 $aP. 78 misnumbered 8. 300 $aIn this edition E3r line 2 has: Laws,. 300 $aReproduction of original in the Henry E. Huntington Library and Art Gallery. 330 $aeebo-0216 606 $aCovenanters$zScotland$vEarly works to 1800 606 $aChurch and state$zEngland$vEarly works to 1800 615 0$aCovenanters 615 0$aChurch and state 700 $aNicanor$b Lysimachus$f1603-1641.$01002628 701 $aLeslie$b Henry$f1580-1661.$01000964 701 $aMaxwell$b John$f1590?-1647.$01003233 801 0$bCu-RivES 801 1$bCu-RivES 801 2$bCStRLIN 801 2$bWaOLN 906 $aBOOK 912 $a996385448403316 996 $aThe epistle congratulatorie of Lysimachus Nicanor of the Societie of Jesu, to the Covenanters in Scotland$92387899 997 $aUNISA LEADER 01781nam 2200385 450 001 9910418265803321 005 20230222080632.0 035 $a(CKB)5310000000016951 035 $a(NjHacI)995310000000016951 035 $a(EXLCZ)995310000000016951 100 $a20230222d1992 uy 0 101 0 $ager 135 $aur||||||||||| 181 $ctxt$2rdacontent 182 $cc$2rdamedia 183 $acr$2rdacarrier 200 10$aUmweltorientierte Bescha?ftigungsprogramme $eeine Effizienzanalyse am Beispiel des «Sondervermo?gens Arbeit und Umwelt» /$fAndreas Burger 210 1$aFrankfurt am Main :$cPeter Lang International Academic Publishing Group,$d1992. 215 $a1 online resource (186 pages) $cillustrations 225 1 $aFinanzwissenschaftliche Schriften 311 $a3-631-75241-5 330 $aUmweltorientierte Bescha?ftigungsprogramme verfolgen ein doppeltes Ziel: Sie sollen Arbeitspla?tze schaffen und zugleich einen Beitrag zur Verbesserung der Umweltqualita?t leisten. Der Verfasser zeigt, welche Anforderungen aus umwelt- und bescha?ftigungspolitischer Sicht an die Gestaltung solcher Programme zu stellen sind. Auf dieser theoretischen Grundlage wird anschließend das von der SPD vorgeschlagene «Sondervermo?gen Arbeit und Umwelt» kritisch beurteilt. 410 0$aFinanzwissenschaftliche Schriften. 606 $aManpower policy$zGermany 606 $aEnvironmental policy$xEconomic aspects 615 0$aManpower policy 615 0$aEnvironmental policy$xEconomic aspects. 676 $a331.120943 700 $aBurger$b Andreas$01277590 801 0$bNjHacI 801 1$bNjHacl 906 $aBOOK 912 $a9910418265803321 996 $aUmweltorientierte Bescha?ftigungsprogramme$93011679 997 $aUNINA